00879nam a2200181Ia 4500008004100000020001500041050002400056100002700080245011800107250001800225260005100243300003500294500003600329505025500365650003100620650002200651650002400673120626s99992004Nyuilus 000 0 eng d a0471225525 aNK2113.5 bM57 2004 aMitton, Maureeneautor aInterior desing visual presentationb: a guide to graphics, models & presentation techniquesc / Maureen Mitton a2a. edición aNew York, New Yorkb: John Wiley & Sonsc2004 a238 páginasb: ilustraciones aIncluye: Apéndices e índice aOrthographic drawings.- The design process and related graphics.- Paraline and perspective drawings.- Drawing and Sketching interior environments.- Rendering.- Color plates.- Scale models.- Presenting materials and finishes.- Portfolios and resumes.- 0aDECORACIÓN DE INTERIORES 0aARTES GRÁFICAS  0aDISEÑO GRÁFICO